|
|
|
|
| LEADER |
00000nab a2200000 a 4500 |
| 001 |
vtls000034136 |
| 003 |
SK-MaSNL |
| 005 |
20260304021145.0 |
| 008 |
111103c1979 xo 0 slo |
| 015 |
|
|
|a SNBRB19rr/mm-uuuuu
|
| 035 |
|
|
|a CL0044230
|
| 040 |
|
|
|a SNKBUCL
|b slo
|c SNKBUCL
|e AACR2
|
| 041 |
0 |
|
|a slo
|
| 044 |
|
|
|a xo
|c SK
|
| 080 |
|
|
|a 885.4-1(087.5)
|2 1981
|
| 100 |
1 |
|
|a Haštová, Mária,
|d 1922-2018
|4 aut
|9 106731
|
| 245 |
1 |
0 |
|a Lúčne koníky
|c Mária Haštová ; Mária Šintajová
|
| 500 |
|
|
|a Pod spoločným názvom Kde kto spinká.
|
| 650 |
0 |
7 |
|a rečňovanky
|2 snkbucl
|9 278360
|
| 655 |
|
7 |
|a články z novín a časopisov
|2 snkbucl
|9 267496
|
| 655 |
|
7 |
|a články z odboru literárna veda a krásna literatúra
|2 snkbucl
|9 770045
|
| 700 |
1 |
|
|a Šintajová, Mária
|4 gup
|9 1299025
|
| 773 |
0 |
|
|t Včielka
|g Roč. 21, č. 10 (1978/1979), s. /13/
|
| 850 |
|
|
|a Slovenská národná knižnica v Martine
|a MTA001
|
| 852 |
|
|
|a SNK
|b KIS3GCP
|
| 958 |
|
|
|a RK
|
| 958 |
|
|
|a LX
|
| 992 |
|
|
|a RBX
|
| 999 |
|
|
|c 2603821
|d 2605751
|